Famiglia (La): il mondo tra le mura di casa (Record n. 83659)

Dettagli MARC
000 -LEADER
fixed length control field 01272nam a2200289Ia 4500
001 - CONTROL NUMBER
control field C7488
003 - CONTROL NUMBER IDENTIFIER
control field IT-RoPAU
008 - FIXED-LENGTH DATA ELEMENTS--GENERAL INFORMATION
fixed length control field 130308s9999 xx 000 0 und d
040 ## - CATALOGING SOURCE
Original cataloging agency IT-RoPAU
040 ## - CATALOGING SOURCE
Transcribing agency IT-RoPAU
041 ## - LANGUAGE CODE
Language code of text/sound track or separate title ITALIANO
100 ## - MAIN ENTRY--PERSONAL NAME
Personal name Pesce Alberto
100 ## - MAIN ENTRY--PERSONAL NAME
Miscellaneous information Codice Aut. SPICS: 2682
245 ## - TITLE STATEMENT
Title Famiglia (La): il mondo tra le mura di casa
245 ## - TITLE STATEMENT
Remainder of title Capolavori raccontano un Secolo di Cinema (I)
250 ## - EDITION STATEMENT
Edition statement 1a ed.
260 ## - PUBLICATION, DISTRIBUTION, ETC. (IMPRINT)
Place of publication, distribution, etc. ALBA
260 ## - PUBLICATION, DISTRIBUTION, ETC. (IMPRINT)
Name of publisher, distributor, etc. Periodici San Paolo
260 ## - PUBLICATION, DISTRIBUTION, ETC. (IMPRINT)
Date of publication, distribution, etc. 1994 [1° Ed.:1994 - Ed.Ling.Originale:1994]
300 ## - PHYSICAL DESCRIPTION
Extent "16 p. (prefazione: no ; testo: 16 [pagine: 101-116])"
500 ## - GENERAL NOTE
General note Scuola dei Sentimenti: Schema Tradizionale e Borghese, Poi Luogo D'Inquietudini Sociali e Crisi Personali. Schede e Note Critiche Sui Film: Family Life (1971) di Ken Loach, L'Albero degli zoccoli (1978) di Ermanno Olmi, Kramer contro Kramer (1979) di Robert Benton, la Famiglia (1987) di Ettore Scola, la Guerra dei Roses (1989) di Danny De Vito, a Proposito di Henry (1991)Di Mike Nichols. Note biografiche su Ingmar Bergman. legami d'amore e di Carriera. Russia tra Documento e Spettacolo.
650 ## - SUBJECT ADDED ENTRY--TOPICAL TERM
Topical term or geographic name as entry element GENERI CINEMATOGRAFICI
650 ## - SUBJECT ADDED ENTRY--TOPICAL TERM
Relator term Codice materia Spics: 6810
942 ## - ADDED ENTRY ELEMENTS (KOHA)
Koha item type LIBRO
957 ## -
-- 1
999 ## - SYSTEM CONTROL NUMBERS (KOHA)
-- 1
Dati di copia
Withdrawn status Lost status Damaged status Not for loan Home library Current library Date acquired Total Checkouts Full call number Date last seen Price effective from Koha item type Public note
    Buone Condizioni Not For Loan SPICS-MEDIATECA SPICS-MEDIATECA 08/03/2013   C7488 08/03/2013 08/03/2013 LIBRO Progressivo inserimento: 39039 / N. Volumi: 0 [=Contributo] Copie: 1 / data import: 1 marzo 2013 - By Epidotti, Trombetti, Vaglietti.
CREDITS: SOCIETA' SAN PAOLO Via A.Severo, 58 - ROMA (RM) & PERIODICI SAN PAOLO SRL Via Giotto, 36 MILANO & CISF Via Giotto, 36 MILANO & EDIZIONI SAN PAOLO SRL,  Piazza Soncino, 5 CINISELLO BALSAMO (MI) -- ITALY